Protected area management (Record no. 8527)
[ view plain ]
| 000 -LEADER | |
|---|---|
| fixed length control field | 00218nam a22001097a 4500 |
| 040 ## - CATALOGING SOURCE | |
| Transcribing agency | HS |
| 082 ## - DEWEY DECIMAL CLASSIFICATION NUMBER | |
| Classification number | 333 |
| 100 ## - MAIN ENTRY--AUTHOR NAME | |
| Personal name | OU CHAOULY |
| 245 ## - TITLE STATEMENT | |
| Title | Protected area management |
| 260 ## - PUBLICATION, DISTRIBUTION, ETC. (IMPRINT) | |
| Place of publication | RUPP |
| Name of publisher | OU CHOULY |
| Year of publication | 2007 |
| 942 ## - ADDED ENTRY ELEMENTS (KOHA) | |
| Koha item type | សៀវភៅភាសាអង់គ្លេស |
| 952 ## - LOCATION AND ITEM INFORMATION (KOHA) | |
| Withdrawn status [LOCAL, KOHA] | 0 |
| 952 ## - LOCATION AND ITEM INFORMATION (KOHA) | |
| Withdrawn status [LOCAL, KOHA] | 0 |
| Permanent Location | Date acquired | Koha item type | Lost status | Barcode | Shelving location | Current Location | Full call number |
|---|---|---|---|---|---|---|---|
| Library Block B | 2016-08-03 | សៀវភៅភាសាអង់គ្លេស | RUA045500 | Library Block B | 333 OU 2007 | ||
| Library Block C | 2016-08-03 | សៀវភៅភាសាអង់គ្លេស | RUA062381 | C196 | Library Block C | 333 OU 2007 C196 |